02496cam a22002655a 45000010009000000050017000090080041000260200025000670400033000920820021001252450077001462600068002233000034002915000024003255040041003495050343003905201197007336500030019306510010019606530033019707000061020039420008020649990017020729520141020891829870720170326130325.0140911t2015 maua frb 001 0 eng d a9780124167148 (pbk.) aDLCbengcDLCdDLCdEG-ScBUE04a621.317bALT22200aAlternative energy in power electronics /cedited by Muhammad H. Rashid. aWaltham ;aOxford :bButterworth-Heinemann / Elsevier,cc.2015. axiv, 363 p. :bill. ;c23 cm. aIndex : p. 349-363. aIncludes bibliographical references.8 aMachine generated contents note: Power Electronics for Alternative Energy: An Overview of Technologies, Methods and Challenges Alternative Energy Sources Photovoltaic System Conversion Wind Turbine Applications High-Frequency Inverters for PV, Wind, Fuel Cells and Energy Storage Applications Energy Storage Electric Power Transmission . a"In today's industrialized world, energy became vital to all human activities including manufacturing, data processing, heating, cooling, lighting, transportation, food processing, etc., yet it is invisible for most of us. Today's energy generation technologies are undergoing a paradigm shift; the solution to our current dilemma requires more renewable contribution as well as the more efficient utilization of conventional energy sources. Recognizing this importance, this chapter focuses on energy sources and energy generation technologies including, coal, hydroelectric, nuclear, solar, wind, ocean, and several others. Alternative energy technologies received great interest in recent years due to environmental impact, greenhouse gas emissions, national energy security, and increasing cost of fossil fuel based sources. With particular emphasis on renewable and alternative energy systems, characteristic features of the renewable energy sources have been reviewed. Since power electronics is a key enabling technology for renewable energy utilization, power electronic converters and interfaces that are used for grid interconnection and stand-alone operation have been presented"-- 0aPower electronics.2BUEsh 2BUEsh bENGGENcJune2015cAugust20151 aRashid, Muhammad H.q(Muhammad Harunur),d1945-eeditor. 2ddc c19808d19780 00102ddc40708AlahramaMAINbMAINc1STd2015-06-22ePurchaseg723.00h313l0o621.317 ALTp000038710r2025-07-15 00:00:00v903.75yBB